[Event "45th Olympiad 2024"]
[Site "Budapest HUN"]
[Date "2024.09.11"]
[Round "1.11"]
[Board "4"]
[White "Gumularz, Szymon"]
[Black "Hamid Ibrahim"]
[Result "1-0"]
[WhiteElo "2571"]
[BlackElo "2090"]
[PlyCount "51"]
[EventDate "2024.09.11"]
[WhiteTeam "Poland"]
[BlackTeam "Sudan"]
[WhiteTeamCountry "POL"]
[BlackTeamCountry "SUD"]

1. c4 g6 2. d4 Bg7 3. Nc3 c5 4. d5 d6 5. e4 Nf6 6. h3 O-O 7. Nf3 Na6 8. Bd3 Nc7 9. O-O a6 10. a4 Rb8 11. Re1 Nd7 ({RR} 11... e6 12. Bg5 h6 13. Be3 e5 14. Qd2 Kh7 15. Rab1 a5 16. Nh2 Nd7 17. b3 b6 18. Ne2 Ne8 19. Ng4 h5 20. Nh2 Nef6 21. Rf1 Ng8 22. Rbe1 Qe7 23. Nf3 Bh6 24. Ng5+ Kg7 25. Kh1 Ndf6 26. f4 {1-0 Van Wely,L (2685)-Telljohann,S (2400) Kuppenheim 12h blitz final 2005}) ({RR} 11... e5 12. dxe6 Bxe6 13. Bf4 b5 14. cxb5 c4 15. Bf1 axb5 16. Bxd6 Re8 17. axb5 Rb6 18. e5 Nd7 19. Nd4 Qc8 20. f4 Qb7 21. Bxc7 Qxc7 22. Kh2 Nc5 23. Nxe6 Rbxe6 24. Nd5 Qb8 25. Bxc4 Kh8 26. Qf3 {½-½ Tsogtgerel,T-Batbileg,S (1834) Asian Seniors +50 2024 (1.19)}) 12. Bf4 Ne5 13. Nxe5 dxe5 $146 ({RR} 13... Bxe5 14. Bxe5 dxe5 15. Qd2 Ne8 16. a5 Bd7 17. Na4 Bxa4 18. Rxa4 Qd6 19. b4 Nf6 20. f4 Nd7 21. fxe5 Nxe5 22. Bf1 Rfc8 23. bxc5 Rxc5 24. Qb4 Rbc8 25. Rb1 Nd7 26. Qe1 R5c7 27. Rab4 Qc5+ 28. Qf2 {0-1 Popovic,Z (2300)-Jurman,R (2152) Sarajevo Bosna op 47th 2017 (6)}) ({RR} 13... Bxe5 14. Bh6 Re8 15. Rb1 Bd7 16. f4 Bd4+ 17. Kh1 b5 18. cxb5 axb5 19. Ne2 Bh8 20. axb5 Bxb5 21. b4 Bxd3 22. Qxd3 Rxb4 23. Rxb4 cxb4 24. Rb1 e6 25. Bg5 f6 26. Bh4 exd5 27. exd5 Qe7 28. Ng1 {0-1 Wukits,R (2348)-Rumpl,E (2314) AUT-chT2O 1415 2014 (4.1)}) 14. Be3 Qd6 15. a5 Bd7 16. Na4 Bxa4 17. Qxa4 Rfc8 18. Red1 Ne8 19. b4 cxb4 20. Rac1 Nf6 21. c5 Qd7 22. Qxd7 Nxd7 23. c6 bxc6 24. dxc6 Nf6 25. Bxa6 Nxe4 26. c7 1-0

[Event "45th Olympiad 2024"]
[Site "Budapest HUN"]
[Date "2024.09.11"]
[Round "1.12"]
[Board "1"]
[White "Suleymanli, Aydin"]
[Black "Ahmad, Al Khatib"]
[Result "1-0"]
[WhiteElo "2632"]
[BlackElo "2302"]
[PlyCount "91"]
[EventDate "2024.09.11"]
[WhiteTeam "Azerbaijan"]
[BlackTeam "Jordan"]
[WhiteTeamCountry "AZE"]
[BlackTeamCountry "JOR"]

1. e4 e5 2. Nf3 Nc6 3. Bb5 a6 4. Ba4 d6 5. O-O Bd7 6. c3 g6 7. d4 Bg7 8. h3 b5 9. Bc2 Nf6 10. Re1 O-O 11. Nbd2 Re8 12. Nf1 ({RR} 12. a3 Qc8 13. Nf1 Na5 14. b3 c5 15. d5 c4 16. b4 Nb3 17. Bxb3 cxb3 18. Qxb3 Ra7 19. Bg5 Nh5 20. Rac1 Nf4 21. Bxf4 exf4 22. c4 bxc4 23. Rxc4 Qd8 24. a4 g5 25. Nd4 Bxd4 26. Rxd4 Qf6 {½-½ Swiercz,D (2647)-Artemiev,V (2699) Online Olym KO Stage rapid 2021 (3.2)}) 12... Nh5 ({RR} 12... Na5 13. b3 c5 14. Ng3 cxd4 15. cxd4 exd4 16. Nxd4 d5 17. e5 Ne4 18. Nxe4 Rxe5 19. Bb2 dxe4 20. Bxe4 Rc8 21. Nf3 Rxe4 22. Rxe4 Bxb2 23. Re2 Bxa1 24. Qxa1 Bc6 25. Ne5 Qd5 26. Qf1 Rd8 27. Ng4 {0-1 Matsumura,C (2022)-Stefan,I (1953) 57th Biel Master Open 2024 (7.60)}) 13. Bg5 Qc8 $146 ({RR} 13... Qb8 14. Qd2 b4 15. d5 bxc3 16. bxc3 Na5 17. Rab1 Qc8 18. Bd3 Nb7 19. Be3 Nf4 20. Bxf4 exf4 21. c4 Nc5 22. Bc2 Qd8 23. Qxf4 Qf6 24. Qxf6 Bxf6 25. N1d2 a5 26. Re3 a4 27. Rbe1 Rab8 28. e5 {0-1 Hakobyan,A (2601)-Safarli,E (2597) Titled Tuesday intern op 15th Feb Early blitz 2022 (4)}) 14. Qd2 Na5 15. b3 c5 16. dxe5 dxe5 17. Rad1 Be6 18. N1h2 Nc6 19. Be3 Bf8 20. Ng5 a5 21. Nxe6 Qxe6 22. Bd3 c4 23. bxc4 bxc4 24. Bf1 a4 25. Nf3 Na5 26. Qc2 a3 27. Rd5 Nf6 28. Rxe5 Qc6 29. Nd4 Qc7 30. Rxe8 Rxe8 31. Bg5 Nd7 32. Rb1 Nc5 33. Re1 Rb8 34. Bc1 Ncb3 35. Be3 Nxd4 36. Bxd4 Rb2 37. Qa4 Rxa2 38. e5 Rb2 39. e6 fxe6 40. Rxe6 Rb1 41. Re8 Kf7 42. Ra8 Be7 43. Qe8+ Ke6 44. Ra6+ Kf5 45. Qf7+ Kg5 46. Be3+ 1-0

[Event "45th Olympiad 2024"]
[Site "Budapest HUN"]
[Date "2024.09.11"]
[Round "1.12"]
[Board "2"]
[White "Loay, Sameer"]
[Black "Abasov, Nijat"]
[Result "0-1"]
[WhiteElo "2194"]
[BlackElo "2626"]
[PlyCount "100"]
[EventDate "2024.09.11"]
[WhiteTeam "Jordan"]
[BlackTeam "Azerbaijan"]
[WhiteTeamCountry "JOR"]
[BlackTeamCountry "AZE"]

1. Nf3 c5 2. g3 Nc6 3. Bg2 e5 4. O-O d5 5. d3 Nf6 6. e4 d4 7. Na3 Bd6 8. Nc4 Bc7 9. a4 O-O 10. b3 ({RR} 10. Nh4 Rb8 11. Nf5 a6 12. f4 exf4 13. Bxf4 Bxf4 14. Rxf4 Bxf5 15. Rxf5 Nd7 16. e5 Qc7 17. Qh5 b5 18. axb5 axb5 19. Ra6 Ne7 20. Rg5 bxc4 21. Rh6 Ng6 22. Rgxg6 Qxe5 23. Rg5 Qe3+ 24. Kf1 Rxb2 {0-1 Naroditsky,D (2622)-Sjugirov,S (2665) Titled Tuesday intern op 3rd Jan blitz 2019 (9)}) ({RR} 10. Nh4 Be6 11. b3 a6 12. Bg5 h6 13. Bc1 b5 14. axb5 axb5 15. Rxa8 Qxa8 16. Nd2 Nb4 17. Nhf3 Qa2 18. Ne1 c4 19. bxc4 bxc4 20. Nxc4 Bxc4 21. dxc4 Qxc4 22. Ba3 Rc8 23. Bh3 Rd8 24. Bxb4 Qxb4 {1-0 Ozalp,B (2059)-Porat,T (1854) Titled Tue 6th Aug Late 2024 (5)}) 10... Rb8 $146 ({RR} 10... Qe7 11. Bg5 h6 12. Bxf6 Qxf6 13. Qd2 Bg4 14. Ne1 Qe7 15. Kh1 Rab8 16. f4 f5 17. h3 Bh5 18. exf5 exf4 19. g4 Bf7 20. Nf3 Bxc4 21. bxc4 Qd6 22. Qf2 Rbe8 23. Nh4 Re3 24. Bd5+ Kh7 25. Nf3 {1-0 Goodman,J-Lang,J WLS-ch Swansea 1970 (1)}) ({RR} 10... a6 11. a5 h6 12. Bd2 Be6 13. Qc1 Rc8 14. Re1 Nd7 15. Re2 f5 16. exf5 Bxf5 17. Nh4 Bh7 18. Bd5+ Kh8 19. Bxh6 gxh6 20. Qxh6 Qf6 21. Qd2 Rce8 22. Rf1 Re7 23. Ng2 Bg8 24. Be4 Kg7 25. f4 {0-1 Braga Ubirani,D (2255)-Nascimento,J Rio de Janeiro Euwe Memorial 1st 2014 (7)}) 11. Bd2 b6 12. Nh4 a6 13. Qe1 Re8 14. h3 Bd7 15. Nf5 b5 16. axb5 axb5 17. Na5 Nxa5 18. Bxa5 Ra8 19. Bd2 Re6 20. f4 Rea6 21. Rc1 exf4 22. Bxf4 Bxf5 23. Bxc7 Qxc7 24. Rxf5 Nd7 25. Qf2 Ne5 26. Rf1 Re8 27. b4 g6 28. Rf4 cxb4 29. Qxd4 Qxc2 30. Qd5 Qxd3 31. Qxd3 Nxd3 32. Rxf7 b3 33. Rd7 Ne5 34. Rb7 b2 35. Rxb5 Nc4 36. Rb1 Na3 37. R5xb2 Nxb1 38. Rxb1 Ra3 39. g4 Ra2 40. Re1 Kg7 41. Bf1 Kf6 42. Bb5 Re5 43. Bc4 Rc2 44. Bd5 Kg5 45. Rf1 Re7 46. Rf7 Rxf7 47. Bxf7 Kf4 48. Bg8 Rc8 49. Bd5 Kg3 50. Kf1 Kxh3 0-1

[Event "45th Olympiad 2024"]
[Site "Budapest HUN"]
[Date "2024.09.11"]
[Round "1.12"]
[Board "3"]
[White "Mamedov, Rauf"]
[Black "Saif, Malek"]
[Result "1-0"]
[WhiteElo "2637"]
[BlackElo "2162"]
[PlyCount "77"]
[EventDate "2024.09.11"]
[WhiteTeam "Azerbaijan"]
[BlackTeam "Jordan"]
[WhiteTeamCountry "AZE"]
[BlackTeamCountry "JOR"]

1. e4 e5 2. Nf3 Nc6 3. Bb5 a6 4. Ba4 Nf6 5. Nc3 Bc5 6. O-O b5 7. Bb3 d6 8. Nd5 Bg4 ({RR} 8... O-O 9. c3 h6 10. d4 Ba7 11. h3 Rb8 12. Re1 Re8 13. Be3 Nxd5 14. Bxd5 exd4 15. cxd4 Ne7 16. Bb3 Ng6 17. Qc2 Bb6 18. Rac1 Qf6 19. e5 Qf5 20. exd6 cxd6 21. Qxf5 Bxf5 22. Bd5 Ne7 23. Bb3 {1-0 Dominguez Perez,L (2754)-Mamedyarov,S (2759) Zagreb SuperUnited Blitz 2022 (2)}) 9. c3 Ba7 $146 ({RR} 9... Rb8 10. h3 Bh5 11. Re1 h6 12. d4 Ba7 13. Be3 exd4 14. cxd4 Bxf3 15. Qxf3 Bxd4 16. e5 dxe5 17. Rac1 Bxe3 18. Rxc6 Bd4 19. Nxf6+ gxf6 20. Rxf6 Rf8 21. Bxf7+ Ke7 22. Re6+ Kd7 23. Qc6+ Kc8 24. Qxa6+ {1-0 Chadaev,N (2535)-Huschenbeth,N (2414) GER-RUS U20 Neustadt an der Weinstrasse 2008 (3.4)}) ({RR} 9... Rb8 10. d3 h6 11. Be3 Bxe3 12. Nxe3 Be6 13. Bc2 O-O 14. d4 Bd7 15. a3 Re8 16. d5 Ne7 17. b4 c6 18. c4 Qc7 19. Rc1 bxc4 20. dxc6 Bxc6 21. Nxc4 Red8 22. Re1 Qa7 23. Na5 Ba8 24. Nd2 {0-1 Groff,J (2034)-Zeneli,K (2231) Titled Tue 27th Aug Late 2024 (3)}) ({RR} 9... Nxe4 10. d4 Bxd4 11. cxd4 Nxd4 12. Re1 Bxf3 13. gxf3 Nxb3 14. axb3 Nc5 15. f4 f6 16. b4 Nd7 17. fxe5 fxe5 18. Qh5+ Kf8 19. Ra3 c6 20. Rf3+ Nf6 21. Rxf6+ gxf6 22. Bh6+ Kg8 23. Kh1 {1-0 Mamedov,N (2624)-Bartel,M (2636) EU-Cup 30th Bilbao 2014 (5.5)}) 10. h3 Bh5 11. Nxf6+ gxf6 12. g4 Qd7 13. Nh4 Bg6 14. Qf3 Ke7 15. d3 h6 16. a4 b4 17. a5 Rag8 18. Be3 h5 19. g5 fxg5 20. Nxg6+ fxg6 21. Qf7+ Kd8 22. Qxd7+ Kxd7 23. Ba4 Bxe3 24. fxe3 Rg7 25. d4 bxc3 26. bxc3 g4 27. hxg4 hxg4 28. Kg2 Rh3 29. Rae1 exd4 30. cxd4 Re7 31. Rc1 Rxe3 32. Bxc6+ Ke6 33. Bb7 Rh7 34. Bc8+ Ke7 35. Rxc7+ Kd8 36. Rxh7 Re2+ 37. Kg1 Ke8 38. Bd7+ Kd8 39. Rf8+ 1-0

[Event "45th Olympiad 2024"]
[Site "Budapest HUN"]
[Date "2024.09.11"]
[Round "1.13"]
[Board "2"]
[White "Vallejo Pons, Francisco"]
[Black "Glaves, Raheem"]
[Result "1-0"]
[WhiteElo "2657"]
[BlackElo "2094"]
[PlyCount "81"]
[EventDate "2024.09.11"]
[WhiteTeam "Spain"]
[BlackTeam "Jamaica"]
[WhiteTeamCountry "ESP"]
[BlackTeamCountry "JAM"]

1. e4 d6 2. d4 Nd7 3. c4 g6 4. Nc3 Bg7 5. Bg5 h6 6. Be3 ({RR} 6. Bh4 g5 7. Bg3 c5 8. d5 h5 9. h4 g4 10. Bd3 a6 11. Nge2 b5 12. Qd2 bxc4 13. Bxc4 Rb8 14. O-O Ngf6 15. Rae1 Qa5 16. e5 dxe5 17. Nc1 Bh6 18. Qc2 Kf8 19. Nd3 e4 20. Nxe4 Nxe4 {1-0 Toniutti,E (2208)-Salinas Herrera,P (2485) Titled Tue 9th Jul Late 2024 (8)}) 6... e6 ({RR} 6... b6 7. Bd3 Bb7 8. Nge2 e6 9. Qd2 a6 10. O-O Ne7 11. f4 c5 12. f5 gxf5 13. exf5 Nxf5 14. Bxf5 exf5 15. Ng3 Rg8 16. Nxf5 Qc7 17. d5 Ne5 18. Bxh6 Bh8 19. Bg5 f6 20. Bf4 O-O-O 21. Bxe5 {1-0 Dreev,A (2673)-Rapport,R (2687) EU-ch blitz Warsaw 2013 (5.2)}) 7. Bd3 Ne7 8. Nge2 $146 ({RR} 8. Qd2 a6 9. Nge2 b6 10. O-O f5 11. exf5 exf5 12. h3 Nf6 13. d5 g5 14. f4 g4 15. Nd4 O-O 16. Kh2 Qe8 17. Nce2 Qg6 18. Ng3 Bd7 19. Rae1 Rae8 20. Bf2 Nh5 21. Ne6 Bxe6 22. Rxe6 Bf6 {½-½ Schiffer,K (2320)-Haub,T (2315) Oberliga NRW 9091 I 1990}) ({RR} 8. Qd2 a6 9. Nge2 Nf6 10. f3 g5 11. h4 gxh4 12. Rxh4 Ng6 13. Rh2 Ng8 14. Ng3 c5 15. d5 Qa5 16. Nh5 Bxc3 17. bxc3 e5 18. Rb1 Rb8 19. Qb2 Qc7 20. Qb6 Qxb6 21. Rxb6 Kd7 22. g3 Kc7 {1-0 Vetter,H (2220)-Haub,T (2315) Oberliga NRW 9091 I 1990}) 8... Nc6 9. Bc2 Nb6 10. b3 Bd7 11. Qd2 a5 12. O-O Nb4 13. Bb1 Nc8 14. a3 Nc6 15. Bc2 N6e7 16. Rad1 a4 17. b4 Nb6 18. Bd3 d5 19. exd5 exd5 20. c5 Nc4 21. Bxc4 dxc4 22. d5 Nf5 23. Nd4 Qh4 24. c6 bxc6 25. dxc6 Be6 26. Nxe6 fxe6 27. Qd7+ Kf8 28. Nb5 Kg8 29. Nxc7 Kh7 30. Nxa8 Rxa8 31. c7 Qe4 32. Bc5 c3 33. c8=Q Rxc8 34. Qxc8 Nh4 35. f3 Qe2 36. Bf2 c2 37. Rde1 Nxf3+ 38. gxf3 Qxf3 39. Qxc2 h5 40. Re3 Qf6 41. Qe4 1-0

[Event "45th Olympiad 2024"]
[Site "Budapest HUN"]
[Date "2024.09.11"]
[Round "1.13"]
[Board "3"]
[White "Shaw, Jaden"]
[Black "Pichot, Alan"]
[Result "0-1"]
[WhiteElo "2051"]
[BlackElo "2628"]
[PlyCount "80"]
[EventDate "2024.09.11"]
[WhiteTeam "Jamaica"]
[BlackTeam "Spain"]
[WhiteTeamCountry "JAM"]
[BlackTeamCountry "ESP"]

1. e4 c5 2. Nf3 d6 3. Bb5+ Bd7 4. Bxd7+ Nxd7 5. O-O e6 6. c4 Ne5 7. d3 Ne7 8. Ne1 $146 ({RR} 8. Nc3 N7c6 9. Ne1 g5 10. Rb1 h5 11. a3 Bg7 12. b4 b6 13. Ne2 g4 14. b5 Ne7 15. f4 gxf3 16. Nxf3 Nxf3+ 17. Rxf3 Ng6 18. Nf4 Ne5 19. Rh3 h4 20. Qe2 Bh6 21. Bd2 Qe7 22. Rf1 O-O-O {1-0 Swiercz,D (2646)-Sarana,A (2668) Titled Tue 15th Nov Late 2022 (9)}) ({RR} 8. b3 N7c6 9. Bb2 Be7 10. Nxe5 dxe5 11. f4 exf4 12. Rxf4 Bf6 13. Bxf6 gxf6 14. Qf1 Qd4+ {0-1 Lyngsjo,H (1980)-Sorensen,H (2430) Elite Hotels Vaxjo Open 2024 (2.6)}) 8... d5 9. exd5 exd5 10. Nf3 N5c6 11. cxd5 Nxd5 12. Qb3 Qd7 13. Nc3 O-O-O 14. Rd1 Be7 15. d4 Qe6 16. Bg5 Bxg5 17. Nxg5 Qf5 18. Nf3 Nf4 19. dxc5 Nxg2 20. Nb5 Nf4 21. Kh1 Nd3 22. Rxd3 Qxd3 23. Nd6+ Rxd6 24. cxd6 Qxb3 25. axb3 Kd7 26. Rd1 f6 27. Rd5 Re8 28. b4 Re2 29. b5 Nd8 30. b4 Rxf2 31. Nd4 Rd2 32. b6 axb6 33. b5 Ne6 34. Nxe6 Rxd5 35. Nxg7 Rxb5 36. h4 Re5 37. h5 b5 38. h6 b4 39. Kg2 b3 40. Kf3 b2 0-1

[Event "45th Olympiad 2024"]
[Site "Budapest HUN"]
[Date "2024.09.11"]
[Round "1.13"]
[Board "4"]
[White "Santos Latasa, Jaime"]
[Black "McKennis, Darren"]
[Result "1-0"]
[WhiteElo "2624"]
[BlackElo "1905"]
[PlyCount "73"]
[EventDate "2024.09.11"]
[WhiteTeam "Spain"]
[BlackTeam "Jamaica"]
[WhiteTeamCountry "ESP"]
[BlackTeamCountry "JAM"]

1. c4 c6 2. Nf3 d5 3. e3 Nf6 4. Nc3 e6 5. b3 Bd6 6. Bb2 Nbd7 7. Qc2 O-O 8. Be2 a6 9. d4 dxc4 ({RR} 9... Qe7 10. O-O e5 11. dxe5 Nxe5 12. cxd5 cxd5 13. Rad1 Be6 14. Nxe5 Bxe5 15. Bf3 Rac8 16. Qd2 Qc7 17. Rc1 Qd6 18. g3 Rfd8 19. Rfd1 Bf5 20. Nxd5 Rxc1 21. Qxc1 Ne4 22. Bxe4 Bxe4 23. Bxe5 Qxe5 24. Nc3 {½-½ Moiseenko,A (2670)-Vysochin,S (2531) Titled Tuesday intern Qual1 4th April blitz 2017 (2)}) 10. bxc4 c5 ({RR} 10... e5 11. O-O exd4 12. exd4 Re8 13. Rad1 Nf8 14. Rfe1 Ng6 15. g3 Bg4 16. Ng5 Bxe2 17. Rxe2 Qd7 18. Rde1 Rxe2 19. Rxe2 h6 20. Nge4 Nxe4 21. Nxe4 Bf8 22. f3 Rd8 23. Kg2 b5 24. Nf2 Re8 25. Re4 {1-0 Mkrtchian,L (2389)-Toma,K (2224) 27th ECC Women 2023 (4.5)}) 11. O-O Qc7 $146 ({RR} 11... b6 12. d5 exd5 13. Nxd5 Nxd5 14. cxd5 Re8 15. Rfd1 Nf6 16. a4 Ne4 17. Bd3 f5 18. g3 Qe7 19. Bc4 Qf7 20. Rab1 Bd7 21. Ba1 b5 22. axb5 axb5 23. Bxb5 Rxa1 24. Rxa1 Bxb5 25. Ra5 Qh5 26. Kg2 {0-1 Gyurkovics,M (2145)-Szabolcsi,J (2334) Budapest Art Pub Cup 3rd 2014 (4)}) ({RR} 11... b6 12. Rfd1 Bb7 13. a4 cxd4 14. exd4 Qc7 15. h3 Rfc8 16. Nd2 Nf8 17. Bf1 Ng6 18. Qb3 Nf4 19. Re1 Nxh3+ {0-1 Malaniuk,V (2572)-Mueller,M (2384) Bydgoszcz Bank Pocztowy op 2000 (1)}) 12. d5 exd5 13. Nxd5 Nxd5 14. cxd5 Re8 15. a4 b6 16. Rfd1 Nf8 17. h3 Bd7 18. Nd2 Be5 19. Bxe5 Qxe5 20. Nc4 Qf6 21. a5 Bf5 22. Qc1 Nd7 23. axb6 Nxb6 24. Ra5 Nd7 25. f3 Qg5 26. e4 Qxc1 27. Rxc1 Bg6 28. g4 f6 29. Rca1 Reb8 30. Rxa6 Rxa6 31. Rxa6 Kf8 32. Ra7 Ke7 33. Kf2 Bf7 34. Na5 Rb6 35. Nb7 Ke8 36. Bb5 Bg6 37. Bc6 1-0

[Event "45th Olympiad 2024"]
[Site "Budapest HUN"]
[Date "2024.09.11"]
[Round "1.14"]
[Board "2"]
[White "Alfaro, William"]
[Black "Maurizzi, Marc'Andria"]
[Result "0-1"]
[WhiteElo "2133"]
[BlackElo "2595"]
[PlyCount "104"]
[EventDate "2024.09.11"]
[WhiteTeam "Nicaragua"]
[BlackTeam "France"]
[WhiteTeamCountry "NCA"]
[BlackTeamCountry "FRA"]

1. d4 Nf6 2. c4 e6 3. Nf3 c5 4. d5 d6 5. Nc3 exd5 6. cxd5 g6 7. h3 Bg7 8. e4 O-O 9. Bd3 Nbd7 10. O-O a6 11. a4 Ne8 ({RR} 11... b6 12. Re1 Qe7 13. Bf4 Ne8 14. Qd2 Ne5 15. Nxe5 dxe5 16. Be3 f5 17. exf5 gxf5 18. Bg5 Qf7 19. Bh6 Nd6 20. a5 b5 21. Bxg7 Qxg7 22. Qe3 c4 23. Bc2 Re8 24. Qc5 Qe7 25. Re3 f4 26. Re2 {½-½ Morozevich,A (2788)-Polgar,J (2711) Mainz Classic rap 3rd-4th rapid 2008 (3)}) 12. Bf4 b6 ({RR} 12... Qe7 13. Re1 Ne5 14. Be2 Rb8 15. a5 b5 16. axb6 Rxb6 17. Qc2 Nc7 18. Nd2 Rb4 19. Ra4 Rb6 20. Bxe5 Bxe5 21. Nc4 Rb8 22. Na5 Bd7 23. Nc6 Bxc6 24. dxc6 Bxc3 25. Qxc3 Rb6 26. e5 Qxe5 27. Qxe5 {0-1 Matveeva,O (2156)-Becerra,J (2309) Titled Tue 12th Mar Early 2024 (8)}) 13. Qe2 $146 ({RR} 13. Re1 Ne5 14. Nxe5 dxe5 15. Be3 Nd6 16. a5 bxa5 17. Bxc5 Rb8 18. Qe2 f5 19. Bxa6 f4 20. Bxc8 Rxc8 21. Bxd6 Qxd6 22. Rxa5 f3 23. Qa6 Qd8 24. g3 Rf6 25. Qb5 Rb6 26. Qa4 Rxb2 27. Re3 Bf8 {½-½ Johansen,T (2233)-Borresen,G (2224) NOR-chT 1415 2014 (11.6)}) ({RR} 13. Re1 f6 14. Rb1 Ne5 15. Be2 Ra7 16. Qd2 a5 17. Nb5 Re7 18. b3 Nf7 19. Bd3 Bh8 20. Na3 Nc7 21. Rbd1 Na6 22. Bb5 Nb4 23. Nc4 Bg7 24. Re2 h6 25. Bg3 g5 26. Rde1 Ne5 27. Nfxe5 fxe5 {0-1 Di Cosmo,J (2073)-Rooze,J (2363) Charleroi op 2011 (7)}) 13... Qe7 14. Rae1 Ne5 15. Nxe5 dxe5 16. Be3 Qc7 17. Rc1 Nd6 18. Na2 f5 19. f3 a5 20. b3 f4 21. Bf2 g5 22. Nc3 h5 23. Nb5 Qd8 24. Nxd6 Qxd6 25. Bb5 Bf6 26. Rfd1 Ra7 27. Kf1 g4 28. hxg4 hxg4 29. Ke1 Bd8 30. Kd2 Rg7 31. Kc2 Rf6 32. Kb1 Rh6 33. Ba6 Bd7 34. Bb5 Rh2 35. Bxd7 Qxd7 36. Rh1 Rxg2 37. Rcg1 Rxg1+ 38. Rxg1 g3 39. Be1 Qh3 40. Qb5 Qd7 41. Bc3 Qxb5 42. axb5 Bc7 43. Kc2 Bd6 44. Kd3 Rh7 45. Kc4 Kf7 46. Bxa5 bxa5 47. b6 Ke7 48. Kb5 Kd7 49. Ra1 g2 50. Rxa5 Bb8 51. Ra8 Kc8 52. Kc6 Rh6+ 0-1

[Event "45th Olympiad 2024"]
[Site "Budapest HUN"]
[Date "2024.09.11"]
[Round "1.14"]
[Board "3"]
[White "Fressinet, Laurent"]
[Black "Rocha, Maximiliano"]
[Result "1/2-1/2"]
[WhiteElo "2616"]
[BlackElo "2156"]
[PlyCount "63"]
[EventDate "2024.09.11"]
[WhiteTeam "France"]
[BlackTeam "Nicaragua"]
[WhiteTeamCountry "FRA"]
[BlackTeamCountry "NCA"]

1. d4 d5 2. c4 e6 3. Nf3 Nf6 4. Nc3 h6 5. g3 Nc6 6. Bg2 Bd6 7. O-O O-O 8. c5 ({RR} 8. b3 b6 9. Nb5 Ba6 10. Nxd6 cxd6 11. cxd5 exd5 12. Ba3 Qd7 13. Rc1 Rac8 14. Re1 Ne7 15. Nd2 Rxc1 16. Qxc1 Rc8 17. Qb1 Bb7 18. Rc1 Rxc1+ 19. Qxc1 Ba6 20. e3 Bb5 21. Qc2 a5 22. h3 Ba6 {½-½ Aronian,L (2781)-Carlsen,M (2862) Skilling op Prelim rapid 2020 (6)}) 8... Be7 9. Bf4 b6 ({RR} 9... g5 10. Be3 Ng4 11. Qd2 f5 12. Rad1 Rf7 13. a3 a5 14. h3 Nf6 15. Qc2 Qf8 16. Rb1 Ne4 17. Nxe4 fxe4 18. Ne5 Nxe5 19. dxe5 Qg7 20. Bd4 Bd7 21. b4 axb4 22. axb4 Bb5 23. Ra1 Rff8 24. Rxa8 {½-½ Valsamis,A (1991)-Xylogiannopoulos,A (2206) 51st TCh-GRE 2024 (5.44)}) 10. cxb6 cxb6 $146 ({RR} 10... axb6 11. Rc1 Ba6 12. a3 Na5 13. Bxc7 Qxc7 14. Nxd5 Qd8 15. Nc7 Ra7 16. Nxa6 Rxa6 17. Ne5 Nd5 18. e4 Nf6 19. b4 Nb7 20. Nc6 Qd7 21. e5 Nd5 22. Qd3 Rfa8 23. Nb8 Rxb8 24. Qxa6 Nd8 25. Rc2 {0-1 Goncalves,D (2282)-Sahakyan,A (2343) Titled Tue 7th Feb Late 2023 (2)}) 11. Ne5 Bb7 12. Rc1 Rc8 13. h4 Nh5 14. Be3 Nf6 15. Qd3 Nd7 16. f4 Na5 17. Bf2 Nc4 18. Nxc4 dxc4 19. Qd1 Bxg2 20. Kxg2 Nf6 21. e4 h5 22. Qf3 Bb4 23. Ne2 Qd7 24. a3 Ba5 25. Be1 Bxe1 26. Rfxe1 b5 27. e5 Ng4 28. Rcd1 a5 29. Nc3 b4 30. Ne4 Rc6 31. Nc5 Qc8 32. axb4 1/2-1/2

[Event "45th Olympiad 2024"]
[Site "Budapest HUN"]
[Date "2024.09.11"]
[Round "1.15"]
[Board "4"]
[White "Onyshchuk, Volodymyr"]
[Black "Amdouni, Zoubaier"]
[Result "1-0"]
[WhiteElo "2610"]
[BlackElo "2151"]
[PlyCount "85"]
[EventDate "2024.09.11"]
[WhiteTeam "Ukraine"]
[BlackTeam "Tunisia"]
[WhiteTeamCountry "UKR"]
[BlackTeamCountry "TUN"]

1. e4 c5 2. Nf3 Nc6 3. Bb5 g6 4. Bxc6 dxc6 5. h3 Bg7 6. d3 Nf6 7. Nc3 Nd7 8. Be3 e5 9. Qd2 h6 10. O-O b6 11. Nh2 Nf8 12. f4 exf4 13. Bxf4 Be6 ({RR} 13... g5 14. Bg3 Ng6 15. e5 O-O 16. Rae1 f5 17. exf6 Bxf6 18. Ne4 Bd4+ 19. Kh1 Bf5 20. Nd6 Qd7 21. Nf3 Be6 22. Nxd4 cxd4 23. Ne4 Kg7 24. Bd6 Rxf1+ 25. Rxf1 Bd5 26. Qf2 c5 27. b4 Bxe4 28. Qf6+ {1-0 Yu Yangyi (2716)-Meshkovs,N (2563) 3rd elllobregat Open 2022 (4.5)}) 14. Nf3 g5 15. Bh2 $146 ({RR} 15. Be3 Qd7 16. d4 cxd4 17. Bxd4 f6 18. Rad1 Ng6 19. Qf2 Qc7 20. Be3 O-O 21. Nd4 Bc4 22. Nce2 Rae8 23. Nf5 Rxe4 24. Nd6 Bxe2 25. Qxe2 Re5 26. Qc4+ Kh7 27. Nf5 Ne7 28. Qd3 Nxf5 29. Rxf5 Kh8 {0-1 Munoz Garcia,J (1957)-Masague Artero,G (2179) ESP-ch U18 Salobrena 2019 (2)}) ({RR} 15. Be3 Nd7 16. d4 cxd4 17. Nxd4 Qc7 18. Nxe6 fxe6 19. Qe2 O-O-O 20. Rf7 Be5 21. Raf1 Rhf8 22. Qg4 Qd6 23. a4 Rxf7 24. Rxf7 Rf8 25. Rxf8+ Nxf8 26. a5 Kb7 27. axb6 axb6 28. Qf3 Ng6 29. Qf2 c5 {½-½ Saito,V (2147)-Yashmetov,M (2307) Titled Tue 15th Aug Early 2023 (8)}) ({RR} 15. Bg3 Ng6 16. Rae1 Qd7 17. e5 Ne7 18. Ne4 Nf5 19. Bh2 O-O-O 20. b4 c4 21. g4 Ne7 22. Nd6+ Kb8 23. dxc4 h5 24. Qe3 hxg4 25. Nxg5 Ka8 26. Ndxf7 Bxc4 27. Nxd8 Bxf1 28. Rxf1 Rxd8 29. h4 Nf5 {0-1 Easwaralingam,A (2123)-Antonsen,M (2423) Fredericia 2019 (1)}) 15... Ng6 16. Rae1 f6 17. Nd1 Qd7 18. Ne3 O-O-O 19. Nf5 Bxf5 20. exf5 Ne7 21. g4 h5 22. Re6 hxg4 23. hxg4 Nd5 24. Rfe1 Bf8 25. R1e4 Rh6 26. Qe1 Nc7 27. Bxc7 Qxc7 28. Re8 Qd7 29. R4e6 Bd6 30. Rxd8+ Kxd8 31. Nxg5 Bh2+ 32. Kg2 Be5 33. Nf3 Qh7 34. Rxe5 fxe5 35. g5 Rd6 36. Qxe5 Qe7 37. Qf4 Rd5 38. f6 Qd6 39. Qe4 c4 40. f7 Qe7 41. Qf4 Qf8 42. g6 cxd3 43. Qf6+ 1-0

[Event "45th Olympiad 2024"]
[Site "Budapest HUN"]
[Date "2024.09.11"]
[Round "1.16"]
[Board "1"]
[White "Sarana, Alexey"]
[Black "Juarez Flores, Carlos A."]
[Result "1-0"]
[WhiteElo "2713"]
[BlackElo "2308"]
[PlyCount "75"]
[EventDate "2024.09.11"]
[WhiteTeam "Serbia"]
[BlackTeam "Guatemala"]
[WhiteTeamCountry "SRB"]
[BlackTeamCountry "GUA"]

1. d4 d5 2. c4 e6 3. Nf3 Be7 4. g3 Nf6 5. Bg2 O-O 6. Nc3 c5 7. cxd5 exd5 8. O-O Nc6 9. dxc5 Bxc5 10. Bg5 Be6 11. Rc1 Be7 12. Be3 ({RR} 12. Na4 Rc8 13. Nc5 Bxc5 14. Rxc5 Qb6 15. Rc2 Ne4 16. Be3 Qa6 17. a3 Rfd8 18. Qd3 Qxd3 19. exd3 Nd6 20. Rfc1 h6 21. Nd4 Nxd4 22. Bxd4 Rxc2 23. Rxc2 Rc8 24. Rxc8+ Nxc8 25. f4 g6 26. Kf2 Kf8 {½-½ Stankovic,M (2442)-Kosic,D (2443) Paracin Winter GM 2021 (2)}) ({RR} 12. h3 Qd7 13. Kh2 Rfd8 14. e3 Ne4 15. Bxe7 Qxe7 16. Nd4 Nf6 17. Nce2 Rac8 18. Qa4 Bd7 19. Qb3 Na5 20. Qd3 Nc4 21. b3 Ne5 22. Qd2 Ne4 23. Qa5 Rxc1 24. Rxc1 Nxf2 25. Nf4 Ne4 26. Nxd5 Qg5 {1-0 Bustos Acosta,I (1814)-Rivero Ochoa,A (1756) 17th American Cont Blitz 2024 (9.104)}) 12... Qa5 $146 ({RR} 12... Qd7 13. Nd4 Bh3 14. Nxc6 bxc6 15. Na4 Bxg2 16. Kxg2 Rab8 17. b3 Rfd8 18. Bd4 Ne4 19. Qd3 Rb5 20. f3 Ng5 21. Bc5 Bd6 22. Bxd6 Qxd6 23. Rc2 Rbb8 24. Rfc1 Rbc8 25. Qa6 Re8 26. Qxa7 Qe6 27. Qd4 {0-1 Kleeschaetzky,R (2232)-Windelband,J (2176) Guben op 2000 (5)}) ({RR} 12... Ng4 13. Bf4 Rc8 14. h3 Nf6 15. Ng5 h6 16. Nxe6 fxe6 17. e4 d4 18. Na4 e5 19. Bd2 b6 20. b4 Bd6 21. Qb3+ Kh8 22. Nb2 Qd7 23. Nd3 Ne7 24. Rxc8 Rxc8 25. Rc1 Rf8 26. a4 Nh7 27. Qd1 {0-1 Podzielny,K (2503)-Jagodzinski,A (2177) Sueder Sommer op 11th 2000 (9)}) 13. Qa4 Rfd8 14. Qxa5 Nxa5 15. Nb5 Bd7 16. Nbd4 Nc4 17. Bf4 Nxb2 18. Rb1 Na4 19. Rxb7 Nc5 20. Rb2 Na4 21. Rb3 Nc5 22. Rbb1 Nfe4 23. Rfc1 f6 24. Nd2 Rac8 25. h4 h6 26. Be3 a6 27. Nxe4 dxe4 28. Rb6 Kf7 29. h5 Bg4 30. Nc6 Rd5 31. Nxe7 Kxe7 32. Rb4 Be6 33. f3 a5 34. Rb6 Bd7 35. fxe4 Nxe4 36. Rxc8 Bxc8 37. Bxe4 Re5 38. Bb7 1-0